Statistics for General Knowledge Quiz #89

Click here to take the quiz!

General Stats

  • This quiz has been taken 40,078 times
    (15,272 since last reset)
  • The average score is 13 of 20

Answer Stats

QuestionAnswer% Correct
By area, what is the biggest country entirely in the Southern Hemisphere?Australia
88%
What organ is foie gras made from?Liver
84%
In what mountain range would you find the homeland of the Sherpa people?Himalayas
84%
What creature from Greek mythology has a single eye on the center of its forehead?Cyclops
82%
What landlocked African country is also a men's name in the English language?Chad
77%
What is the capital of Bavaria?Munich
76%
What U.S. state is closest to London, geographically?Maine
72%
What is either a popular sport or a type of insect?Cricket
71%
What is Judi Dench's title in the British honours system?Dame
69%
What pair of Wild West outlaws were made famous by a 1969 movie
starring Robert Redford?
Butch Cassidy and the
{Sundance} {Kid}
69%
Who is the "trickster god" of Norse mythology?Loki
68%
What is the only Great Lake that doesn't border Canada?Lake Michigan
68%
What city state was ruled by Lorenzo de' Medici?Florence
64%
Who has 99 problems?Jay-Z
61%
What city was captured at the end of the First Crusade in 1099?Jerusalem
60%
On what type of building would you be most likely to find a "flying buttress"?Church
54%
If you spell out all the whole numbers, which one is the last alphabetically?Zero
49%
What is the currency of the Philippines?Peso
45%
What term refers to the last runner in a relay race?Anchor
35%
In mythology, who was Castor's half brother?Pollux
33%

Score Distribution

Percentile by Number Answered

Percent of People with Each Score

Your Score History

You have not taken this quiz since the last reset